The Common Agricultural Policy : (Record no. 613205)

MARC details
000 -LEADER
fixed length control field 00509nam a2200193 a 4500
008 - FIXED-LENGTH DATA ELEMENTS--GENERAL INFORMATION
fixed length control field 260220s1997##################000#0#eng##
020 ## - INTERNATIONAL STANDARD BOOK NUMBER
ISBN 9780198288572
082 04 - DEWEY DECIMAL CLASSIFICATION NUMBER
Classification number 338.18
Item number FEN
100 1# - MAIN ENTRY--AUTHOR NAME
Personal name Fennell, Rosemary,
245 10 - TITLE STATEMENT
Title The Common Agricultural Policy :
260 ## - PUBLICATION, DISTRIBUTION, ETC. (IMPRINT)
Name of publisher OUP Oxford,
Year of publication 1997.
300 ## - PHYSICAL DESCRIPTION
Number of Pages 468 pages
650 #0 - SUBJECT ADDED ENTRY--TOPICAL TERM
Topical Term Business & Economics.
942 ## - ADDED ENTRY ELEMENTS (KOHA)
Koha item type English Books
Holdings
Withdrawn status Lost status Damaged status Not for loan Home library Current library Shelving location Date acquired Full call number Accession Number Price effective from Koha item type
        Anna Centenary Library Anna Centenary Library 4TH FLOOR, A WING 20.02.2026 338.18 FEN 282194 20.02.2026 English Books

Find us on the map